ගුත්තතිල විචාරවාචාරය 1/

Saved in:
Bibliographic Details
Main Author: ප්‍රඥාාරාම හිමි, යක්කඩුවේ
Format: Book
Language:English
Sinhalese
Tags: Add Tag
No Tags, Be the first to tag this record!

MARC

LEADER 00000nam a2200000 4500
003 LK-HrPL
005 20220715112149.0
008 220715b |||||||| |||| 00| 0 eng d
040 |a LK-HrPL  |d LK-HrPL  |b sin 
041 |a sin 
082 |a 891.481  |b ප්‍රඥාරා 
100 |a ප්‍රඥාාරාම හිමි, යක්කඩුවේ 
245 |a ගුත්තතිල විචාරවාචාරය 1/  |c යක්කඩුවේ ප්‍රඥාරාම හිමි 
300 |a පි.320 ;  |c සෙ.මී.18 
942 |c LBK 
999 |c 20672  |d 20672